| 000 | 00621nam a2200193Ia 4500 | ||
|---|---|---|---|
| 003 | GCL | ||
| 008 | 140319s9999 xx 000 0 ara d | ||
| 040 |
_aGCL / _cGCL |
||
| 082 | 0 | 4 |
_a801.95 _bن ع |
| 100 | 1 | _aالنادى الادبى الثقافى | |
| 245 | 1 | 0 |
_aعلامات فى النقد الادبى / _cالنادى الادبى الثقافى |
| 260 |
_aالرياض : _bالنادى الادبى الثقافى ، _c1992 |
||
| 300 |
_a4 مج ؛ _c22 سم |
||
| 490 | _a | ||
| 650 | 0 | 4 | _aالادب العربى |
| 650 | 0 | 4 | _aاللغة العربية |
| 650 | 0 | 4 | _aتاريخ ونقد |
| 942 |
_2ddc _cBK |
||
| 999 |
_c40295 _d40295 |
||